Skip to main content
Your cart is empty.
Your lists
Log in to create your own lists
Your cookies
العربية
English
العربية
Home
Search
Advanced search
Authority search
About
The noble scholar, jurist, historian
His Excellency Dr. Abdul Wahhab bin Ibrahim Abu Sulaiman, may Allah have mercy on him.
He was born in Umm Al-Qura in the year 1356 AH.
Library catalog
Title
Author
Subject
ISBN
ISSN
Series
Call number
Log in to your account
×
Login:
Password:
Home
MARC view: أعيان من المشارقة والمغاربة :
Normal view
MARC view
ISBD view
أعيان من المشارقة والمغاربة : (Record no. 11748)
[
view plain
]
MARC details
000 -LEADER
fixed length control field
01357cam a2200349 i 4500
003 - CONTROL NUMBER IDENTIFIER
control field
SA-RiAUC
005 - DATE AND TIME OF LATEST TRANSACTION
control field
20250915065239.0
008 - FIXED-LENGTH DATA ELEMENTS--GENERAL INFORMATION
fixed length control field
250910s2000 le g 000 0bara c
040 ## - CATALOGING SOURCE
Original cataloging agency
SA-JeALM
Language of cataloging
ara
Transcribing agency
SA-RiAUC
Description conventions
rda
082 04 - DEWEY DECIMAL CLASSIFICATION NUMBER
Classification number
920
090 ## - LOCALLY ASSIGNED LC-TYPE CALL NUMBER (OCLC); LOCAL CALL NUMBER (RLIN)
Classification number (OCLC) (R) ; Classification number, CALL (RLIN) (NR)
920
Local cutter number (OCLC) ; Book number/undivided call number, CALL (RLIN)
س ع د
100 1# - MAIN ENTRY--PERSONAL NAME
Personal name
سعد الله، أبو القاسم،
Dates associated with a name
1930-2013
Relator term
مؤلف.
245 10 - TITLE STATEMENT
Title
أعيان من المشارقة والمغاربة :
Remainder of title
تاريخ عبد الحميد بيك المتوفى سنة 1280 هـ.، 1863 م. /
Statement of responsibility, etc.
أبو القاسم سعد الله.
264 #1 - PRODUCTION, PUBLICATION, DISTRIBUTION, MANUFACTURE, AND COPYRIGHT NOTICE
Place of production, publication, distribution, manufacture
بيروت :
Name of producer, publisher, distributor, manufacturer
دار الغرب الإسلامي،
Date of production, publication, distribution, manufacture, or copyright notice
2000.
300 ## - PHYSICAL DESCRIPTION
Extent
269 صفحة ؛
Dimensions
22 سم
336 ## - CONTENT TYPE
Content type term
نص
Content type code
txt
Source
rdacontent
Materials specified
كتاب
337 ## - MEDIA TYPE
Media type term
بدون وسيط
Media type code
n
Source
rdamedia
338 ## - CARRIER TYPE
Carrier type term
مجلد
Carrier type code
nc
Source
rdacarrier
500 ## - GENERAL NOTE
General note
إهداء من احمد عبدالله بن حميد بتاريخ 1426/11/22 هـ
600 17 - SUBJECT ADDED ENTRY--PERSONAL NAME
Personal name
آغا، عبد الحميد بن خليل بن مصطفى،
Dates associated with a name
توفى 1280 هجري
Source of heading or term
aucnm
650 #7 - SUBJECT ADDED ENTRY--TOPICAL TERM
Topical term or geographic name entry element
تراجم
Source of heading or term
aucsh
653 ## - INDEX TERM--UNCONTROLLED
Uncontrolled term
البيوغرافيات.
653 ## - INDEX TERM--UNCONTROLLED
Uncontrolled term
BIOGRAPHIE.
653 ## - INDEX TERM--UNCONTROLLED
Uncontrolled term
الأعيان.
653 ## - INDEX TERM--UNCONTROLLED
Uncontrolled term
NOTABLE.
653 ## - INDEX TERM--UNCONTROLLED
Uncontrolled term
العثمانيون.
653 ## - INDEX TERM--UNCONTROLLED
Uncontrolled term
OTTOMAN.
653 ## - INDEX TERM--UNCONTROLLED
Uncontrolled term
MAGHREB.
653 ## - INDEX TERM--UNCONTROLLED
Uncontrolled term
المغرب العربي.
942 ## - ADDED ENTRY ELEMENTS (KOHA)
Source of classification or shelving scheme
Dewey Decimal Classification
Koha item type
Books
Suppress in OPAC
No
949 ## - LOCAL PROCESSING INFORMATION (OCLC)
a
SA-JeALM
d
250910
u
mohamedma123
n
1
Holdings
Withdrawn status
Lost status
Source of classification or shelving scheme
Damaged status
Not for loan
Collection
Home library
Current library
Date acquired
Total checkouts
Full call number
Barcode
Date last seen
Price effective from
Koha item type
Dewey Decimal Classification
اهداء
DR AbdElwahab Library
DR AbdElwahab Library
09/15/2025
920 س ع د
000018941
09/15/2025
09/15/2025
Books
Place hold
Print
Add to your cart
(remove)
Save record
BIBTEX
Dublin Core
MARCXML
MARC (non-Unicode/MARC-8)
MARC (Unicode/UTF-8)
MARC (Unicode/UTF-8, Standard)
MODS (XML)
RIS
ISBD
More searches
Search for this title in:
Other Libraries (WorldCat)
Other Databases (Google Scholar)
Online Stores (Bookfinder.com)
Open Library (openlibrary.org)
Exporting to Dublin Core...
×
Simple DC-RDF
OAI-DC
SRW-DC